| 000 | 02082cam a2200445 i 4500 | ||
|---|---|---|---|
| 999 |
_c21551 _d21551 |
||
| 001 | 16740522 | ||
| 003 | OSt | ||
| 005 | 20230921103738.0 | ||
| 008 | 110419s2011 ii ab b 100 0 eng | ||
| 010 | _a 2011321521 | ||
| 020 | _a9780198069706 | ||
| 020 | _a0198069707 | ||
| 025 | _aI-E-2011-321521; 61-92; 49-92 | ||
| 037 | _bLibrary of Congress -- New Delhi Overseas Office | ||
| 040 |
_aDLC _beng _coclc _dDLC _erda |
||
| 042 |
_alcode _apcc |
||
| 043 | _aa-ii--- | ||
| 050 | 0 | 0 |
_aGE190.I4 _bB75 2011 |
| 082 |
_a363.700954 _bKUM/B |
||
| 100 | 1 |
_aKumar, Deepak, _d1952- _92685 |
|
| 245 | 0 | 4 |
_aThe British Empire and the natural world : _benvironmental encounters in South Asia / _cedited by Deepak Kumar, Vinita Damodaran, and Rohan D'Souza. |
| 246 | 3 | 0 | _aEnvironmental encounters in South Asia |
| 260 |
_aNew Delhi : _bOxford University Press, _c2011. |
||
| 300 | _a280 pages : | ||
| 336 |
_atext _2rdacontent |
||
| 337 |
_aunmediated _2rdamedia |
||
| 338 |
_avolume _2rdacarrier |
||
| 504 | _aIncludes bibliographical references. | ||
| 520 | _aContributed articles culled from a conference held at New Delhi in December 2002 and International Conference on the Forest and Environmental History of the British Empire and Commonwealth, held at University of Sussex during 19-21 March 2003. | ||
| 650 | 0 |
_aHuman ecology _zIndia _xHistory _vCongresses. |
|
| 700 | 1 |
_aKumar, Deepak, _d1952- _eeditor of compilation. |
|
| 700 | 1 |
_aDamodaran, Vinita, _eeditor of compilation. |
|
| 700 | 1 |
_aD'Souza, Rohan, _eeditor of compilation. |
|
| 856 | 4 | 2 |
_3Contributor biographical information _uhttp://www.loc.gov/catdir/enhancements/fy1114/2011321521-b.html |
| 856 | 4 | 2 |
_3Publisher description _uhttp://www.loc.gov/catdir/enhancements/fy1114/2011321521-d.html |
| 856 | 4 | 1 |
_3Table of contents only _uhttp://www.loc.gov/catdir/enhancements/fy1114/2011321521-t.html |
| 906 |
_a7 _bcbc _corigode _d3 _encip _f20 _gy-gencatlg |
||
| 942 |
_2ddc _cBK _h363.700954 _iKUM/B _k363.700954 _mKUM/B |
||